• 首页
  • 本馆介绍
  • 公告通知
  • 最新文献
  • 馆藏检索
  • 电子资源
  • 读者导购
  • 参考咨询
  • 我的图书馆
  • 登录
  • 详细信息显示
  • 放入我的书架
  • 预约/预借图书
  • 作者相关作品
  • 分类相关作品
  • 丛书相关作品
  • 出版社相关作品

书目信息

  • 表格格式
  • 工作单格式
  • 卡片格式
题名:
中国哲学史
    
 
作者: 任继愈 主编
分册: 第三册   隋唐五代宋元明部分
出版信息: 北京   人民出版社  1964
页数: 374页
开本: 20cm
丛书名:
单 册:
中图分类: B2
科图分类:
主题词: 哲学史--中国
电子资源:
ISBN: 2001.117
000 00695nam0 2200241 450
001 0105494906
005 20160421133111.0
010    @a2001.117@dCNY0.87
091    @a2001.117
100    @a20021005e19791964em y0chiy0110 ea
101 0  @achi
102    @aCN@b110000
105    @ay z 000yy
106    @ar
200 1  @a中国哲学史@9Zhong Guo Zhe Xue Shi @i隋唐五代宋元明部分@f任继愈主编@h第三册@b专著
210    @a北京@c人民出版社@d1964@h1979
215    @a374页@d20cm
500 10 @a中国哲学史@n(任继愈著)@9zhong guo zhe xue shi
606 0  @a哲学史@y中国
690    @aB2@v3
701  0 @a任继愈@f(1916~2009)@9ren ji yu@4主编
801  0 @aCN@bAiZhiMarc
905    @aBZT@dB2@e109:3@f9@sB2/109:3
    
    中国哲学史.隋唐五代宋元明部分/任继愈主编.第三册.-北京:人民出版社,1964(1979)
    374页;20cm
    
    
    ISBN 2001.117:CNY0.87
    
●
相关链接 在五车中查询图书 在当当中查询图书 在豆瓣中查询图书


正题名:中国哲学史     索取号:B2/109:3         预约/预借

序号 登录号 条形码 馆藏地/架位号 状态 备注
1 2000092669   2000092669   旧书回溯/ [索取号:B2/109:3] 在馆    
2 2000092670   2000092670   旧书回溯/ [索取号:B2/109:3] 在馆    
3 2000092671   2000092671   旧书回溯/ [索取号:B2/109:3] 在馆    
4 2000115012   2000115012   旧书回溯/ [索取号:B2/109:3] 在馆    
5 2000117669   2000117669   旧书回溯/ [索取号:B2/109:3] 在馆    
6 2000117703   2000117703   旧书回溯/ [索取号:B2/109:3] 在馆    
7 2000126508   2000126508   旧书回溯/ [索取号:B2/109:3] 在馆    
8 2000126509   2000126509   旧书回溯/ [索取号:B2/109:3] 在馆    
9 2000126510   2000126510   旧书回溯/ [索取号:B2/109:3] 在馆    
山东省滨州职业学院图书馆 欢迎您!
大连网信软件有限公司© 版权所有